Statystyki dla Państwa produkujące najwięcej wina

Kliknij tutaj aby rozwiązać quiz!

Ogólne statystyki

  • Ten quiz został rozwiązany 16 535 razy
  • Średni wynik to 14 z 20

Statystyki odpowiedzi

Tony metr.Kraj% Poprawnych
4889 tys.Francja
95%
5415 tys.Włochy
95%
4440 tys.Hiszpania
93%
2384 tys.Stany Zjednoczone
92%
1922 tys.Chiny
85%
588 tys.Portugalia
83%
633 tys.Niemcy
82%
428 tys.Rosja
82%
390 tys.Brazylia
80%
300 tys.Grecja
78%
1452 tys.Argentyna
73%
1285 tys.Australia
64%
1290 tys.Chile
63%
222 tys.Austria
52%
126 tys.Rumunia
52%
355 tys.Węgry
50%
117 tys.Bułgaria
46%
950 tys.Południowa Afryka
45%
302 tys.Nowa Zelandia
43%
178 tys.Mołdawia
35%

Rozkład punktacji

Percentyl według liczby udzielonych odpowiedzi

Procent ludzi z każdym wynikiem

Twoja historia wyników

Nie rozwiązałeś tego quizu